| 000 | 01193nam a22003017a 4500 | ||
|---|---|---|---|
| 005 | 20230829110519.0 | ||
| 008 | 230829b |||||||| |||| 00| 0 eng d | ||
| 040 | _aCSPC LIBRARY | ||
| 090 | _aUTH BSHM D384s 2022 | ||
| 100 |
_aDelos Santos, Mark S., _eauthor. |
||
| 245 |
_aService quality of food panda in Iriga City / _cby Mark S. Delos Santos, Rica May N. Oracion, Karen D. Tanedo and Gilbert O. Velasco. |
||
| 264 |
_aNabua, Camarines Sur : _bCamarines Sur Polytechnic Colleges, _c2022. |
||
| 300 |
_axvi, 136 leaves : _btables ; _c28 cm. _e+ accompanying material |
||
| 336 |
_2rdacontent _atext |
||
| 337 |
_2rdamedia _aunmediated |
||
| 338 |
_2rdacarrier _avolume |
||
| 502 |
_aUndergraduate Thesis (BSHM) - Hospitality Management. _cCamarines Sur Polytechnic Colleges, 2022. |
||
| 650 | _aCustomer Services. | ||
| 700 |
_aOracion, Rica May N., _eauthor. |
||
| 700 |
_aTanedo, Karen D., _eauthor. |
||
| 700 |
_aVelasco, Gilbert O., _eauthor. |
||
| 700 |
_aIllo, Norel Peter M., _epanelist. |
||
| 700 |
_aBulalacao, Rosalie B., _epanelist. |
||
| 700 |
_aVera's, Gilma P., _epanelist. |
||
| 700 |
_aBaƱaria, Russell E., _eadviser. |
||
| 942 |
_2ddc _cUM _n0 |
||
| 999 |
_c25967 _d25967 |
||